|
|
|
|
| LEADER |
00874nab a2200229 i 4500 |
| 001 |
misc70971 |
| 005 |
20230508095730.0 |
| 008 |
220913s1918 hu o 0|| ger d |
| 040 |
|
|
|a SZTE Miscellanea Repozitórium
|b hun
|
| 041 |
|
|
|a ger
|
| 100 |
1 |
|
|a Németh Gyula
|
| 245 |
1 |
0 |
|a Krause, Paul R.
|h [elektronikus dokumentum] :
|b Die Türkei - Leipzig, Teubner, 1916 : [könyvismertetés] /
|c Németh Gyula
|
| 260 |
|
|
|a Teubner
|b Leipzig
|c 1918
|
| 300 |
|
|
|a 124. p.
|
| 490 |
0 |
|
|a Turán : a magyar eredetkutatással foglalkozó tudományok lapja.
|
| 561 |
|
|
|a Németh Gyula hagyaték
|
| 591 |
|
|
|a KEGY NOA 4118a, XKEK 5664
|
| 650 |
|
4 |
|a Bölcsészettudományok
|
| 650 |
|
4 |
|a Történettudomány és régészet
|
| 695 |
|
|
|a Törökország - honismeret - könyvismertetés
|
| 700 |
0 |
1 |
|a Krause Paul R.
|
| 856 |
4 |
0 |
|u http://misc.bibl.u-szeged.hu/70971/1/4118a_noa.pdf
|z Dokumentum-elérés
|